Discurso leido en la Universidad Central en la solemne inauguración del curso académico de 1880 á 1881 (Record no. 165511)

MARC details
000 -LEADER
campo de control de longitud fija 01006nam a2200229 i 4500
001 - NÚMERO DE CONTROL
campo de control 165511
003 - IDENTIFICADOR DE NÚMERO DE CONTROL
campo de control ES-MaACL
005 - FECHA Y HORA DE LA ÚLTIMA TRANSACCIÓN
campo de control 20250815110842.0
008 - DATOS DE LONGITUD FIJA--INFORMACIÓN GENERAL
campo de control de longitud fija 960520s1880 sp |||| | spa d
040 ## - FUENTE DE CATALOGACIÓN
Centro catalogador/agencia de origen CLM
Lengua de catalogación spa
Centro/agencia transcriptor CCPB | SIC
100 1# - ENTRADA PRINCIPAL--NOMBRE DE PERSONA
Nombre de persona Solano y Eulate, José María.
9 (RLIN) 107091
245 10 - MENCIÓN DEL TÍTULO
Título Discurso leido en la Universidad Central en la solemne inauguración del curso académico de 1880 á 1881
Resto del título : [tema: relación entre la geología y la revelación] /
Mención de responsabilidad, etc. por José María Solano y Eulate.
260 ## - PUBLICACIÓN, DISTRIBUCIÓN, ETC.
Lugar de publicación, distribución, etc. Madrid :
Nombre del editor, distribuidor, etc. [s.n.],
Fecha de publicación, distribución, etc. 1880 (
Fabricante Imp. J.M. Ducazcal)
300 ## - DESCRIPCIÓN FÍSICA
Extensión 62 p. ;
Dimensiones 28 cm.
530 ## - NOTA DISPONIBLE DE FORMULARIO FÍSICO ADICIONAL
Nota de formato físico adicional disponible Disponible en formato digital.
650 07 - PUNTO DE ACCESO ADICIONAL DE MATERIA--TÉRMINO DE MATERIA
Término de materia o nombre geográfico como elemento de entrada Geología
Fuente del encabezamiento o término embne
9 (RLIN) 13086
710 20 - ENTRADA AGREGADA--NOMBRE DE ENTIDAD CORPORATIVA
Nombre de entidad corporativa o nombre de jurisdicción como elemento de entrada Universidad Central (Madrid)
9 (RLIN) 7084
852 ## - LOCALIZACIÓN
Ubicación ES-MaACL
Número de control de estantería 1602-F-5
Nota libre Revisado enlace: 01 de Abril de 2025
itemnumber 171857
Ubicación en estantería Depósito folletos
Encuadernación Encuadernación en Rústica
856 ## - LOCALIZACIÓN Y ACCESO ELECTRÓNICOS
Identificador Uniforme de Recursos <a href="http://bdh-rd.bne.es/viewer.vm?id=0000077366&page=1 ">http://bdh-rd.bne.es/viewer.vm?id=0000077366&page=1 </a>
Texto de enlace Biblioteca Digital Hispánica
942 ## - ELEMENTOS DE ENTRADA SECUNDARIOS (KOHA)
Fuente del sistema de clasificación o colocación Clasificación decimal universal
Holdings
Estatus retirado Estado de pérdida Estado de daño No para préstamo Colección Biblioteca de origen Biblioteca actual Ubicación en estantería Fecha de adquisición Fuente de adquisición Total de préstamos Signatura topográfica completa Código de barras Visto por última vez Precio de reemplazo Tipo de ítem Koha
        Colección de folletos Biblioteca del Ateneo de Madrid Biblioteca del Ateneo de Madrid Depósito folletos 17/01/2008     1602-F-5 1173571 23/02/2023 23/02/2023 Folleto